000 00366nam a2200133Ia 4500
008 240624s9999 xx 000 0 und d
041 _aeng
082 _a332.1 IIB
100 _aINDIAN INSTITUTE OF BANKING AND FINANCE
245 _aBASICS OF BANKING KNOW YOUR BANKING I
260 _c2015
_aNew Delhi
_bTaxmann
300 _axiii, 154 p.; 23 cm.
365 _cRS
_b30
999 _c30876
_d30876